000 00720nam a2200289Ia 4500
001 AUWbook002438
003 BDCtgAUW
005 20260406155206.0
008 220908s9999 xx 000 0 eng d
020 _a0393317552
040 _aBDCtgAUW
_cBDCtgAUW
050 _aHM206.D48
100 1 _aDiamond, Jared.
245 0 _aGuns, germs, and steel :
_bthe fates of human societies /
260 _aNew York :
_bNorton,
_c1999.
300 _a471 pages.
650 0 _aCivilization.
650 0 _aCulture diffusion.
650 0 _aEthnology.
650 0 _aHistory.
650 0 _aSocial evolution.
650 0 _aSocial Sciences.
887 _a BRAC
_22982
888 _22982
942 _cBK
_00
_2lcc
945 _cBK
999 _c17997
_d17997